000 00243nam a2200097Ia 4500
001 735509
005 20250826163854.0
008 250824s9999 xx 000 0 und d
245 0 _aHAYALETTEN MEKTUPLAR
_cMAVİSEL YENER
260 _bTUDEM YAYINLARI
999 _c735509
_d735509